The welfare effects of nudges: a case study of energy use social comparisons (Record no. 509919)

000 -LEADER
fixed length control field 00481nam a2200157 4500
008 - FIXED-LENGTH DATA ELEMENTS--GENERAL INFORMATION
fixed length control field 190704b ||||| |||| 00| 0 eng d
100 ## - MAIN ENTRY--PERSONAL NAME
Personal name Allcott, Hunt
245 ## - TITLE STATEMENT
Title The welfare effects of nudges: a case study of energy use social comparisons
260 ## - PUBLICATION, DISTRIBUTION, ETC. (IMPRINT)
Date of publication, distribution, etc 2019
300 ## - PHYSICAL DESCRIPTION
Extent p.236-276.
650 ## - SUBJECT ADDED ENTRY--TOPICAL TERM
Topical term or geographic name as entry element Nudge theory
9 (RLIN) 6747
700 ## - ADDED ENTRY--PERSONAL NAME
Personal name Kessler, Judd B.
9 (RLIN) 6748
773 ## - HOST ITEM ENTRY
Main entry heading American Economic Journal: Applied Economics
906 ## - LOCAL DATA ELEMENT F, LDF (RLIN)
Subject DIP Energy consumption
942 ## - ADDED ENTRY ELEMENTS (KOHA)
Source of classification or shelving scheme
Item type Articles
Holdings
Withdrawn status Lost status Source of classification or shelving scheme Damaged status Not for loan Permanent location Current location Date acquired Serial Enumeration / chronology Barcode Date last seen Koha item type
          Indian Institute of Public Administration Indian Institute of Public Administration 2019-07-04 11(1), Jan, 2019: p.236-276. AR120016 2019-07-04 Articles

Powered by Koha